Psicología pedagógica / (Registro nro. 319)
[ vista simple ]
| 000 -LEADER | |
|---|---|
| fixed length control field | 00848nam a2200229Ia 4500 |
| 003 - CONTROL NUMBER IDENTIFIER | |
| control field | PE SENCICO BE |
| 005 - DATE AND TIME OF LATEST TRANSACTION | |
| control field | 20251020182433.0 |
| 008 - FIXED-LENGTH DATA ELEMENTS--GENERAL INFORMATION | |
| fixed length control field | 200515s9999 xx 000 0 und d |
| 040 ## - CATALOGING SOURCE | |
| Original cataloging agency | PE SENCICO BE |
| Transcribing agency | PE SENCICO BE |
| 041 ## - LANGUAGE CODE | |
| Language code of text/sound track or separate title | spa |
| 082 ## - DEWEY DECIMAL CLASSIFICATION NUMBER | |
| Classification number | 152 |
| Item number | S82 1965 |
| 100 1# - MAIN ENTRY--PERSONAL NAME | |
| Personal name | Stösner, Arturo |
| 9 (RLIN) | 2671 |
| Relator term | autor |
| 245 10 - TITLE STATEMENT | |
| Title | Psicología pedagógica / |
| Statement of responsibility, etc. | Arturo Stossner |
| 250 ## - EDITION STATEMENT | |
| Edition statement | 3a ed. |
| 260 ## - PUBLICATION, DISTRIBUTION, ETC. | |
| Place of publication, distribution, etc. | Buenos Aires : |
| Name of publisher, distributor, etc. | Losada ; |
| Date of publication, distribution, etc. | 1966 |
| 300 ## - PHYSICAL DESCRIPTION | |
| Extent | 270 p. : |
| Dimensions | 19 cm. |
| 490 ## - SERIES STATEMENT | |
| Series statement | Biblioteca pedagógica |
| 505 0# - FORMATTED CONTENTS NOTE | |
| Formatted contents note | La vida representativa: la sensación -- La representación -- El pensamiento -- La vida emocional y volutiva: Los sentimientos -- Sentimientos espirituales determinados desde el punto de vista formal -- La vida volutiva |
| 650 10 - SUBJECT ADDED ENTRY--TOPICAL TERM | |
| Topical term or geographic name entry element | Psicología |
| 9 (RLIN) | 2672 |
| 650 20 - SUBJECT ADDED ENTRY--TOPICAL TERM | |
| Topical term or geographic name entry element | Psicología cognoscitiva |
| 9 (RLIN) | 2673 |
| 942 ## - ADDED ENTRY ELEMENTS (KOHA) | |
| Koha item type | Libros |
| Source of classification or shelving scheme | Dewey Decimal Classification |
| Fecha de la última vez que lo usaron | Número de ingreso o de inventario | Pago total | Signatura topográfica completa | Código de barras | Precio efectivo desde | Tipo de documento | Estado perdido | Sistema de clasificación | Estado dañado | No es para préstamo | Retirado | Ubicación permanente | Ubicación actual | Fecha de adquisición |
|---|---|---|---|---|---|---|---|---|---|---|---|---|---|---|
| 15/05/2020 | 220 | 152/S82/1966 | BibLima24110013 | 15/05/2020 | Libros | Dewey Decimal Classification | Biblioteca Central Lima | Biblioteca Central Lima | 15/05/2020 |